Ricostruisci la Carriera del Calciatore - Nicolò Casale - Statistics

Statistiche generali
  • Questo quiz è stato fatto 4 volte
  • Il punteggio medio è 2 su 7
Statistiche sulle risposte
Hint Risposta % Corretto
2022- Lazio
67%
2018 Prato
67%
2020-2021 Empoli
33%
2017-2018 Perugia
33%
2018-2019 Südtirol
33%
2019-2020 Venezia
0%
2021-2022 Verona
0%
Nessun quiz corrispondente trovato
Distribuzione punteggi
Percentuale di utenti per punteggio
Percentile per numero di risposta
I tuoi punteggi nel tempo
Non hai fatto questo quiz